Datum a čas kvízu

27.5 Celkem bodů Celkový počet nahraných bodů na tomto kvízu bez doplňovacích otázek.
7. Pořadí na kvízu Konečné umístění týmu na tomto kvízu.

Zaznamenané odpovědi

# Otázka Odpověď Body Výsledky
1. Prázdné a nastartované BMW upo... štěnic 0
2. 64letý exprezident jedné země,... o Jižní Koreji (Korejské republice) 1
3. Dcera jedné již nežijící hudeb... Jackson 1
4. Minulý týden ohlásila jedna če... Benu 0
5. Minulý týden se v Singapuru ko... o plavání (plaveckých sportech) 0
6. V tématu se zaměříme na nejrůz... v Japonsku 1
7. Stánků s langoši bylo v devade... Starej fotr 0
8. V našem tématu nemůžeme vynech... 2000 (1999 až 2001 za bod) 0
9. Nejdříve trendy doplněk, pozdě... Kendall Jenner 1
10. Gramofonovým deskám leckdo pře... long play 1